| 000 | 01268nam a2200313 a 4500 | ||
|---|---|---|---|
| 001 | ebr10442982 | ||
| 003 | CaPaEBR | ||
| 006 | m u | ||
| 007 | cr cn||||||||| | ||
| 008 | 110223s2009 enka s 001 0 eng d | ||
| 020 | _z9781847197542 | ||
| 020 | _z9781847197559 (e-book) | ||
| 040 |
_aCaPaEBR _cCaPaEBR |
||
| 035 | _a(OCoLC)426118679 | ||
| 050 | 1 | 4 |
_aTK5105.8885.A26 _bB35 2009eb |
| 100 | 1 | _aBalliauw, Maarten. | |
| 245 | 1 | 0 |
_aASP.NET MVC 1.0 quickly _h[electronic resource] : _bdesign, develop, and test powerful and robust web applications the agile way, with MVC framework / _cMaarten Balliauw. |
| 260 |
_aBirmingham, U.K. : _bPackt Pub., _c2009. |
||
| 300 |
_avi, 241 p. : _bill. (some col.) |
||
| 500 | _aIncludes index. | ||
| 533 |
_aElectronic reproduction. _bPalo Alto, Calif. : _cebrary, _d2011. _nAvailable via World Wide Web. _nAccess may be limited to ebrary affiliated libraries. |
||
| 630 | 0 | 0 | _aActive server pages. |
| 650 | 0 | _aMicrosoft .NET Framework. | |
| 650 | 0 | _aWeb site development. | |
| 650 | 0 | _aSoftware patterns. | |
| 655 | 7 |
_aElectronic books. _2local |
|
| 710 | 2 | _aebrary, Inc. | |
| 856 | 4 | 0 |
_uhttp://site.ebrary.com/lib/rucke/Doc?id=10442982 _zAn electronic book accessible through the World Wide Web; click to view |
| 999 |
_c135589 _d135589 |
||